|
|
|
|
| LEADER |
00710nam a22002057a 4500 |
| 001 |
c000100931 |
| 003 |
CARM |
| 005 |
00000000000000.0 |
| 008 |
981022s1953 enk 00001 eng d |
| 019 |
1 |
|
|a 28250409
|z 14200432
|5 LACONCORD2021
|
| 035 |
|
|
|a (OCoLC)2019163
|5 LACONCORD2021
|
| 040 |
|
|
|a VCARM
|c VCARM
|
| 100 |
1 |
|
|a Kinross, James.
|
| 245 |
1 |
4 |
|a The boy from Greece /
|c by James Kinross.
|
| 250 |
|
|
|a 1st ed.
|
| 260 |
|
|
|a London :
|b J. Murray,
|c 1953.
|
| 300 |
|
|
|a 170 p.
|
| 852 |
8 |
|
|b CARM
|h A2:AI33G0
|i A01916
|p 0147799
|f BK
|
| 999 |
f |
f |
|i 2229002f-c1fa-5c1a-a220-ecfd7944b971
|s a0f81a62-e90b-5fa6-ab1b-376655888264
|
| 952 |
f |
f |
|p Can circulate
|a CAVAL
|b CAVAL
|c CAVAL
|d CARM 1 Store
|e A01916
|f A2:AI33G0
|h Other scheme
|i book
|m 0147799
|